|
|
|
|
| LEADER |
00919nab a2200241 i 4500 |
| 001 |
misc63815 |
| 005 |
20230601125352.0 |
| 008 |
230428s1930 hu o 0|| ger d |
| 040 |
|
|
|a SZTE Miscellanea Repozitórium
|b hun
|
| 041 |
|
|
|a ger
|
| 041 |
|
|
|a grc
|
| 100 |
1 |
|
|a Moravcsik Gyula
|
| 245 |
1 |
0 |
|a Byzantinische Humanisten über den Volksnamen türk
|h [elektronikus dokumentum] /
|c Moravcsik Gyula
|
| 260 |
|
|
|a Leipzig
|b Budapest
|c 1930
|
| 300 |
|
|
|a 381-384
|c 25 cm
|
| 300 |
|
|
|a [4] p.
|c 25 cm
|
| 490 |
0 |
|
|a Kőrösi Csoma-Archivum = Kőrösi Csoma-Archiv : a Kőrösi Csoma-Társaság folyóirata = Zeitschrift der Kőrösi Csoma-Gesellschaft
|
| 561 |
|
|
|a Németh Gyula hagyaték
|
| 591 |
|
|
|a NOA 3855
|
| 650 |
|
4 |
|a Bölcsészettudományok
|
| 650 |
|
4 |
|a Nyelvek és irodalom
|
| 695 |
|
|
|a Népnév - török - bizánci forrás
|
| 856 |
4 |
0 |
|u http://misc.bibl.u-szeged.hu/63815/1/3855_noa.pdf
|z Dokumentum-elérés
|